| 000 | 00762nam a22002177a 4500 | ||
|---|---|---|---|
| 005 | 20170207150500.0 | ||
| 010 | _aB-654494 | ||
| 020 |
_a019568785x _c330.00 |
||
| 020 |
_a9780195687859 _c330.00 |
||
| 035 | _aB-654494 | ||
| 037 | _bL/RP/K.K. Publications | ||
| 082 | _a934 | ||
| 100 | _aSharma, R.S. | ||
| 245 |
_aIndia's ancient past / _cby R.S. Sharma |
||
| 260 |
_aNew Delhi _bOxford University Press _c2016 |
||
| 270 |
_aYMCA Library Building,1 Jai Singh Road _bNew Delhi _e110001 |
||
| 300 |
_axi,387p. : _c22cm(pbk) _bill. |
||
| 500 | _aIncludes bibilographical references and index | ||
| 942 |
_2ddc _cEN _h934 _mSHA |
||
| 999 |
_c105923 _d105923 |
||